Capitali che terminano con la E - Statistics

Statistiche generali
  • Questo quiz è stato fatto 126 volte
    125 dall'ultimo reset
  • Il punteggio medio è 15 su 23
Statistiche sulle risposte
Popolazione (ab.) Continente Stato % Corretto
655 780 Europa Atene
87%
1 696 392 Africa Brazzaville
84%
703 904 Africa Libreville
83%
837 437 Africa Lomé
83%
568 210 Europa Skopje
76%
13 000 America del Nord Basseterre
73%
1 310 826 Asia Mascate
73%
989 318 Africa Lilongwe
72%
103 693 Asia Malé
72%
1 401 900 America del Nord San José
72%
863 400 Asia Dušanbe
68%
2 123 132 Africa Harare
68%
231 626 Africa Gaborone
64%
820 940 Asia Vientiane
61%
94 874 Africa Mbabane
60%
71 868 Africa São Tomé
59%
306 751 America del Sud Sucre
57%
1 881 876 Africa Yaoundé
53%
5 535 000 Asia Singapore
52%
6 158 080 America del Sud Santiago del Cile
49%
897 859 America del Nord Port-au-Prince
48%
936 425 Asia Gerusalemme
45%
115 826 Asia Sri Jayawardenapura Kotte
29%
Nessun quiz corrispondente trovato
Distribuzione punteggi
Percentuale di utenti per punteggio
Percentile per numero di risposta
I tuoi punteggi nel tempo
Non hai fatto questo quiz dall'ultimo reset